000 00830cpcaa22002417a 4500
001 mm 79003177
003 DLC
005 20260227111642.0
008 791026|||||||||||| egy
010 _amm 79003177
040 _aDLC
_cDLC
_dDLC
_edacs
041 _aegy
_aeng
072 7 _aC
_2lcmd
245 0 0 _aRosetta stone :
_kphotograph of facsimile,
_f1882.
300 _a1
_fitem.
506 0 _aOpen to research.
533 _aPhotograph of facsimile.
_b[S.l.].
546 _aCollection material in Eqyptian, with English.
580 _aForms part of: Miscellaneous Manuscripts collection.
630 0 0 _aRosetta stone.
999 _c41252
_d41252